|
|
|
|
| LEADER |
00000nab a2200000 a 4500 |
| 001 |
vtls008427779 |
| 003 |
SK-MaSNL |
| 005 |
20260304144530.0 |
| 008 |
250505c2006 xo mr|p|||||||000 b|slo |
| 015 |
|
|
|a SNBRB2006/01
|2 snkbucl
|
| 035 |
|
|
|a (uuid)09ed5710-e25b-4d70-9a67-476cc38bcef5
|
| 035 |
|
|
|a urn:nbn:sk:snk-ab24sd
|
| 035 |
|
|
|a (urnnbn)urn:nbn:sk:snk:ar-a01lvp
|
| 038 |
|
|
|a SNKBUCL
|
| 040 |
|
|
|a SNKBUCL
|b slo
|c SNKBUCL
|e AACR2
|
| 041 |
0 |
|
|a slo
|
| 044 |
|
|
|a xo
|c SK
|
| 080 |
|
|
|a 336.712
|x (437.6)
|x (091)
|2 1997
|
| 100 |
1 |
|
|a Kačkovičová, Mária
|4 aut
|9 562994
|
| 245 |
1 |
0 |
|a Seredská ľudová banka
|c Mária Kačkovičová
|
| 610 |
2 |
7 |
|a Seredská ľudová banka (Sereď, Slovensko)
|x dejiny
|2 snkbucl
|9 1466180
|
| 651 |
|
7 |
|a Galanta (Slovensko)
|2 snkbucl
|9 15687
|
| 773 |
0 |
|
|t Biatec
|g Roč. 14, č. 1 (2006), s. 27
|x 1335-0900
|
| 850 |
|
|
|a Slovenská národná knižnica
|
| 852 |
|
|
|a Slovenská národná knižnica
|
| 954 |
|
|
|a odborná, vedecká literatúra pôvodná (slovenská)
|2 lita
|
| 958 |
|
|
|a article2022
|
| 958 |
|
|
|a OND
|
| 958 |
|
|
|a EUIPO
|
| 999 |
|
|
|c 2931900
|d 2933830
|